Stay Fit & healthy (Record no. 1212)

MARC details
000 -LEADER
fixed length control field 00334nam a2200145Ia 4500
008 - FIXED-LENGTH DATA ELEMENTS--GENERAL INFORMATION
fixed length control field 230312s9999||||xx |||||||||||||| ||und||
020 ## - INTERNATIONAL STANDARD BOOK NUMBER
International Standard Book Number 0-87857-570-7
082 ## - DEWEY DECIMAL CLASSIFICATION NUMBER
Classification number 613.04244
Item number BRI-S
100 ## - MAIN ENTRY--PERSONAL NAME
Personal name Brien;jerry
245 #0 - TITLE STATEMENT
Title Stay Fit & healthy
260 ## - PUBLICATION, DISTRIBUTION, ETC.
Name of publisher, distributor, etc. Dave barry
Place of publication, distribution, etc. US
Date of publication, distribution, etc. 1985
300 ## - PHYSICAL DESCRIPTION
Extent 80
650 ## - SUBJECT ADDED ENTRY--TOPICAL TERM
Topical term or geographic name entry element Literature
942 ## - ADDED ENTRY ELEMENTS (KOHA)
Koha item type BOOK
Holdings
Withdrawn status Lost status Source of classification or shelving scheme Damaged status Not for loan Home library Current library Date acquired Total Checkouts Full call number Barcode Date last seen Date last checked out Price effective from Koha item type
    Dewey Decimal Classification     Superior Information Resource Center (SIRC) Superior University- Main Campus Superior Information Resource Center (SIRC) Superior University- Main Campus 03/13/2023 1 613.04244 BRI-S 1222 09/13/2025 08/22/2025 03/13/2023 BOOK

Powered by Koha